| 000 | 00500nmm a2200157Ia 4500 | ||
|---|---|---|---|
| 008 | 251105s9999||||xx |||||||||||||||||und|| | ||
| 020 | _a9789878918044 | ||
| 041 | _aspa | ||
| 100 | _aVidal, Alejandra (Ed.) | ||
| 245 | 0 |
_aEl pueblo nivacle : _b Relatos históricos de su diáspora en el Gran Chaco |
|
| 264 |
_a[Buenos Aires, Argentina] : _bEditorial Sb, _c2022 |
||
| 300 | _a354 páginas | ||
| 650 | _aHistory (General) | ||
| 856 | _uhttps://public.digitaliapublishing.com/a/129911 | ||
| 942 | _cCF | ||
| 999 |
_c97736 _d97736 |
||